000 00373 a2200169 4500
001 188601
020 _a978-85-359-1221-0
040 _cMagnum
100 _aRuff, Matt
240 1 0 _aMacacos malvados
_lpor
245 1 0 _aMacacos malvados
300 _a260
362 0 _a2008
440 1 _aCompanhia das Letras
697 _aLITERATURA GERAL ESTRANGEIRA
942 _cBK
999 _c188601
_d188601